000 00803nam a2200229 i 4500
001 88968
003 ES-MaACL
005 20250827222021.0
007 t|
008 050120s2000 sp ||||1| spa d
020 _a84-7585-437-0
080 _a7 Ibarrola, Agustín
100 1 _aIbarrola, Agustín.
_964972
245 1 0 _aOmako basoa
_b: = El bosque de Oma /
_cfotos = Argazkiak: Tere Ormazabal ; [textos = testuak Agustín Ibarrola ... [et al.].
260 _aBilbao :
_bUniversidad del Pais Vasco = Euskal Herriko Unibertsitatea,
_c[2000]
300 _a110 p. :
_bprincipalmente il. ;
_c33 cm.
600 1 4 _aIbarrola, Agustín.
_964972
700 1 _aOrmazabal, Tere.
_987295
710 2 _aUniversidad del País Vasco
_97367
852 _aES-MaACL
_jL-28578
_bR.135071
999 _c88968
_d88968